ბათუმის შოთა რუსთაველის სახელმწიფო უნივერსიტეტის ბიბლიოთეკა

მიწისქვეშა სამთო სამუშაოების პროცესები (ბიბ.ჩანაწერი № 52349)

000 -LEADER
fixed length control field 01569nam a2200265Ia 4500
001 - CONTROL NUMBER
control field 19367
003 - CONTROL NUMBER IDENTIFIER
control field GE_BSU
008 - FIXED-LENGTH DATA ELEMENTS--GENERAL INFORMATION
fixed length control field 181216s||||||||xx |||||||||||||| ||und||
040 ## - CATALOGING SOURCE
Transcribing agency GE_BSU
080 ## - UNIVERSAL DECIMAL CLASSIFICATION NUMBER
Universal Decimal Classification number 622.272/274(075.8)
100 ## - MAIN ENTRY--PERSONAL NAME
Personal name ბურჩაკოვი, ა. ნ.გრინკო.ი.ჩერნიაკი
245 ## - TITLE STATEMENT
Title მიწისქვეშა სამთო სამუშაოების პროცესები
245 ## - TITLE STATEMENT
Remainder of title სახელმძღვ. უმაღლ. სასწ. სტუდ. სპეც. "მარგი წიაღისეულის საბადოთა მიწისქვეშა დამუშავების ტექნოლოგია და კომპლექსური მექანიზაცია
245 ## - TITLE STATEMENT
Statement of responsibility, etc. რედ:ჩ.გურგენიძე
250 ## - EDITION STATEMENT
Edition statement - თარგმ. მე-2 გადამუშ. და შევს. რუს. გამოც..
260 ## - PUBLICATION, DISTRIBUTION, ETC.
Place of publication, distribution, etc. თბილისი
260 ## - PUBLICATION, DISTRIBUTION, ETC.
Name of publisher, distributor, etc. განათლება
260 ## - PUBLICATION, DISTRIBUTION, ETC.
Date of publication, distribution, etc. 1978
300 ## - PHYSICAL DESCRIPTION
Extent 479გვ;22სმ.
300 ## - PHYSICAL DESCRIPTION
Other physical details ლიტ. სია: გვ. 470-474
653 ## - INDEX TERM--UNCONTROLLED
Uncontrolled term ინჟინერია
653 ## - INDEX TERM--UNCONTROLLED
Uncontrolled term მიწისქვეშა სამთო სამუშაოები - სახელმძღვანელოები უმაღლესი სასწავლებლებისათვის;
653 ## - INDEX TERM--UNCONTROLLED
Uncontrolled term მიწისქვეშა სამთო სამუშაოების პროცესები
942 ## - ADDED ENTRY ELEMENTS (KOHA)
Koha item type წიგნი
ეგზემპლარები
Withdrawn status Lost status Damaged status Not for loan Date acquired Barcode Date last seen Price effective from Koha item type
        2018-12-17 48216 2018-12-17 2018-12-17 წიგნი